<?xml version="1.0" encoding="UTF-8"?>
<record
    xmlns:xsi="http://www.w3.org/2001/XMLSchema-instance"
    xsi:schemaLocation="http://www.loc.gov/MARC21/slim http://www.loc.gov/standards/marcxml/schema/MARC21slim.xsd"
    xmlns="http://www.loc.gov/MARC21/slim">

  <leader>01082nam a2200289 a 4500</leader>
  <controlfield tag="001">000000396830</controlfield>
  <controlfield tag="003">IT-MiSPE</controlfield>
  <controlfield tag="005">20200831115828.0</controlfield>
  <controlfield tag="008">111031s2011    it            001 udita d</controlfield>
  <datafield tag="020" ind1=" " ind2=" ">
    <subfield code="a">9788837224882</subfield>
    <subfield code="c">18.00 EUR</subfield>
  </datafield>
  <datafield tag="040" ind1=" " ind2=" ">
    <subfield code="a">IT-MiSPE</subfield>
    <subfield code="b">ita</subfield>
    <subfield code="c">IT-MiSPE</subfield>
    <subfield code="d">ip</subfield>
  </datafield>
  <datafield tag="082" ind1=" " ind2=" ">
    <subfield code="a">193 FEU lu* TOM fr (axa 23262)</subfield>
  </datafield>
  <datafield tag="084" ind1=" " ind2=" ">
    <subfield code="a">636 R</subfield>
  </datafield>
  <datafield tag="100" ind1="1" ind2=" ">
    <subfield code="a">Tomasoni, Francesco,</subfield>
    <subfield code="d">1947-</subfield>
    <subfield code="9">58389</subfield>
  </datafield>
  <datafield tag="245" ind1="1" ind2="0">
    <subfield code="a">Ludwig Feuerbach :</subfield>
    <subfield code="b">biografia intellettuale /</subfield>
    <subfield code="c">Francesco Tomasoni.</subfield>
  </datafield>
  <datafield tag="260" ind1=" " ind2=" ">
    <subfield code="a">Brescia :</subfield>
    <subfield code="b">Morcelliana,</subfield>
    <subfield code="c">2011.</subfield>
  </datafield>
  <datafield tag="300" ind1=" " ind2=" ">
    <subfield code="a">513 p. ;</subfield>
    <subfield code="c">21 cm</subfield>
  </datafield>
  <datafield tag="490" ind1="1" ind2=" ">
    <subfield code="a">Filosofia ;</subfield>
    <subfield code="v">026.</subfield>
    <subfield code="a">Testi e studi</subfield>
  </datafield>
  <datafield tag="504" ind1=" " ind2=" ">
    <subfield code="a">Bibliografia (p. [455]-474) e indici</subfield>
  </datafield>
  <datafield tag="600" ind1="1" ind2="4">
    <subfield code="a">Feuerbach, Ludwig,</subfield>
    <subfield code="d">1804-1872.</subfield>
    <subfield code="9">58390</subfield>
  </datafield>
  <datafield tag="655" ind1=" " ind2="7">
    <subfield code="a">Filosofi di lingua tedesca. Generalit&#xE0; e filosofi fino al 1920</subfield>
    <subfield code="x">Filosofi 1801-1920: Feuerbach Ludwig, 1804-1872.</subfield>
    <subfield code="2">local</subfield>
    <subfield code="9">58391</subfield>
  </datafield>
  <datafield tag="830" ind1=" " ind2="0">
    <subfield code="a">Filosofia [Morcelliana] ;</subfield>
    <subfield code="v">026.</subfield>
    <subfield code="9">58357</subfield>
  </datafield>
  <datafield tag="830" ind1=" " ind2="0">
    <subfield code="a">Filosofia [Morcelliana].</subfield>
    <subfield code="p">Testi e studi.</subfield>
    <subfield code="9">58356</subfield>
  </datafield>
  <datafield tag="942" ind1=" " ind2=" ">
    <subfield code="2">ddc</subfield>
    <subfield code="c">BK</subfield>
  </datafield>
  <datafield tag="999" ind1=" " ind2=" ">
    <subfield code="c">358843</subfield>
    <subfield code="d">358843</subfield>
  </datafield>
  <datafield tag="952" ind1=" " ind2=" ">
    <subfield code="0">0</subfield>
    <subfield code="1">0</subfield>
    <subfield code="2">ddc</subfield>
    <subfield code="4">0</subfield>
    <subfield code="6">193_000000000000000_FEU_LU_TOM_FR_AXA_23262</subfield>
    <subfield code="7">1</subfield>
    <subfield code="a">CINISELLO</subfield>
    <subfield code="b">CINISELLO</subfield>
    <subfield code="d">2020-08-31</subfield>
    <subfield code="l">0</subfield>
    <subfield code="o">193 FEU lu* TOM fr (axa 23262)</subfield>
    <subfield code="p">9788837224882</subfield>
    <subfield code="r">2020-08-31 00:00:00</subfield>
    <subfield code="w">2020-08-31</subfield>
    <subfield code="y">BK</subfield>
  </datafield>
</record>
